Geografický časopis [recenzovaný vedecký časopis]

Pôvodné vedecké štúdie prinášajúce najnovšie poznatky zo všetkých oblastí geografie a príspevky z príbuzných vedných disciplín od roku 1949. Publikovanie štúdií venovaných geografickému výskumu a teoreticko-metodologickým otázkam geografického bádania.

Na minha lista:
Detalhes bibliográficos
Formato: Periódico
Idioma:eslovaco
inglês
Publicado em: Bratislava Geografický ústav SAV
Assuntos:
Tags: Adicionar Tag
Sem tags, seja o primeiro a adicionar uma tag!

MARC

LEADER 00000nas1a22000001 4500
001 s120043
005 20260306112817.6
022 |a 0016-7193 
022 |a 2453-8787 
041 0 |a slo 
041 0 |a eng 
044 |a SK 
245 1 0 |a Geografický časopis  |b [recenzovaný vedecký časopis] 
264 1 |a Bratislava  |b Geografický ústav SAV 
520 |a Pôvodné vedecké štúdie prinášajúce najnovšie poznatky zo všetkých oblastí geografie a príspevky z príbuzných vedných disciplín od roku 1949. Publikovanie štúdií venovaných geografickému výskumu a teoreticko-metodologickým otázkam geografického bádania. 
610 2 0 |a geografia 
610 2 0 |a výskum krajiny 
610 2 0 |a regionalistika 
610 2 0 |a environmentalistika